|
|
|
|
| LEADER |
01074nam a22002057a 4500 |
| 999 |
|
|
|c 156183
|d 156179
|
| 082 |
|
|
|a RT 334.209 548 3
|b Q6
|
| 100 |
|
|
|a Jisha K.K, Researcher.
|9 71615
|
| 100 |
|
|
|a Leena George, Guide.
|9 71616
|
| 245 |
|
|
|a Co-operative Credit for Agriculture in Kerala with special reference to Paddy Cultivation in Palakkad District /
|c Jisha K.K;Guided by Dr Leena George.
|
| 260 |
|
|
|a Kottayam:
|b Mahatma Gandhi University,
|c 2016.
|
| 300 |
|
|
|a 302 p.
|
| 504 |
|
|
|a Includes bibliographical references.
|
| 650 |
|
|
|a Theses (Ph.D)-Economics.
|9 71617
|
| 650 |
|
|
|a Dissertations, Academic (Ph.D).
|9 71610
|
| 650 |
|
|
|a Credit Co-operative - Agriculture.
|9 71618
|
| 710 |
|
|
|a Mahatma Gandhi University, Kottayam.
|b Department Of Economics, Mar Athanasius College Kothamangalam.
|f 31-12-2016.
|k Theses.
|9 71614
|
| 856 |
|
|
|u http://www.mgutheses.in/page/about_book.php?q=T%203039&search=&page=1&rad=acc
|
| 942 |
|
|
|c THES
|
| 952 |
|
|
|0 0
|1 0
|4 0
|6 RT_334_209000000000000_548_3_Q6
|7 1
|8 REF
|9 154637
|a MGUL
|b MGUL
|c GEN
|d 2018-02-22
|l 0
|o RT 334.209 548 3 Q6
|p T03039
|r 2018-02-22
|w 2018-02-22
|y THES
|